000 00588nam a22002537a 4500
999 _c319391
_d319391
001 32936
003 UA-OsUOA
005 20200322190245.0
007 ta
008 20050223b un ||||| |||| 00| 0 ukr d
020 _a9856080827
040 _aUA-OsUOA
_brus
_cUA-OsUOA
_dUA-OsUOA
041 _arus
044 _aBY
080 _a658
090 _a658
_bГ65
100 _aГончаров В. И.
245 _aМенеджмент
_bучеб. пособ.
260 _aМинск
_bМисанта
_c2003
300 _a624 с.
650 7 _2UDC
942 _cBK
_2udc
955 _a0